| 000 | 00362cam a22001451 4500 | ||
|---|---|---|---|
| 082 |
_a297.1977 _bMAU _cL-31, P-36 |
||
| 100 | 1 |
_aMaudoodi, Syed Abul ʻAla, _937516 |
|
| 245 | 1 | 0 | _aاسلامی ریاست |
| 260 | _c[1967- | ||
| 300 |
_av. _c22 cm. |
||
| 500 | _aIn Urdu. | ||
| 526 |
_a0 _b0 _c0 _d297_197700000000000_MAU |
||
| 650 |
_aMCE _9379 |
||
| 942 |
_2ddc _cBK |
||
| 999 |
_c550492 _d550492 |
||